[Event "Junior Online 4NCL Division 4"]
[Site "online"]
[Date "2020.10.29"]
[Round "6.214"]
[White "Litvin, Theo"]
[Black "Rosenfield, Benjamin"]
[Result "1-0"]
[WhiteElo "760"]
[BlackElo "962"]
[PlyCount "25"]
[EventDate "2020.10.29"]
[WhiteTeam "The Hall 3"]
[BlackTeam "Muswell Hill Primary"]

1. e4 e5 2. Bc4 Nf6 3. Nf3 Nc6 4. Ng5 Bc5 5. Nxf7 Qe7 6. Nxh8 Nxe4 7. Qf3 d6 8.
Qxe4 Qf7 9. Bxf7+ Kd8 10. d4 Bb4+ 11. c3 Ba5 12. Bg5+ Kd7 13. Qf5# 1-0

[Event "Junior Online 4NCL Division 4"]
[Site "online"]
[Date "2020.10.29"]
[Round "6.215"]
[White "Payne, Luca"]
[Black "Man, Felix"]
[Result "0-1"]
[WhiteElo "1007"]
[BlackElo "940"]
[PlyCount "136"]
[EventDate "2020.10.29"]
[WhiteTeam "The Hall 3"]
[BlackTeam "Muswell Hill Primary"]

1. e4 e5 2. Nf3 Nc6 3. Bc4 Bc5 4. d3 h6 5. Be3 Bb6 6. d4 d6 7. d5 Bxe3 8. fxe3
Nce7 9. O-O Nf6 10. Nc3 O-O 11. Nh4 c6 12. dxc6 bxc6 13. Nf5 Nxf5 14. exf5 Rb8
15. Qf3 Bb7 16. Ne4 Nxe4 17. Qxe4 d5 18. Qxe5 dxc4 19. f6 Qe8 20. Qg3 g6 21.
Qh4 Qxe3+ 22. Kh1 Qg5 23. Qxc4 c5 24. Qe2 Rfe8 25. Qf2 Rbd8 26. Rad1 Rxd1 27.
Rxd1 Bc6 28. Kg1 h5 29. g3 h4 30. Rd6 Bb7 31. Rd7 Qc1+ 32. Qf1 Qxf1+ 33. Kxf1
Ba6+ 34. Kg2 Ra8 35. Kf3 Kf8 36. Ke4 Ke8 37. Re7+ Kd8 38. Kd5 Rc8 39. Rxa7 Be2
40. Rxf7 Bf3+ 41. Kd6 Rc6+ 42. Ke5 Ke8 43. Re7+ Kf8 44. Rh7 hxg3 45. hxg3 Kg8
46. Rh6 Kf7 47. Rh7+ Kf8 48. Kf4 Rxf6+ 49. Kg5 Rf7 50. Kxg6 Be4+ 51. Kg5 Rxh7
52. Kf4 Bxc2 53. Ke5 Rg7 54. Kf6 Rxg3 55. Ke6 Rg6+ 56. Ke5 Ke7 57. Kd5 Rg5+ 58.
Kc4 Ke6 59. Kc3 Bg6 60. Kc4 Kd6 61. a4 Rg4+ 62. Kb5 Be8+ 63. Kb6 Rxa4 64. b3
Rb4+ 65. Ka5 Rxb3 66. Ka6 Kc6 67. Ka7 Bh5 68. Ka8 Kc7 0-1

[Event "Junior Online 4NCL Division 4"]
[Site "online"]
[Date "2020.10.29"]
[Round "6.216"]
[White "Shetty, Ahan"]
[Black "Agarwal, Mihir"]
[Result "0-1"]
[WhiteElo "1000"]
[BlackElo "1037"]
[PlyCount "114"]
[EventDate "2020.10.29"]
[WhiteTeam "Muswell Hill Primary"]
[BlackTeam "The Hall 3"]

1. e4 e5 2. Nf3 Nc6 3. Bb5 Nf6 4. Nc3 Bc5 5. d3 h6 6. Nd5 O-O 7. Nxf6+ Qxf6 8.
c3 d6 9. d4 exd4 10. Bxc6 bxc6 11. cxd4 Bb6 12. e5 dxe5 13. dxe5 Qf5 14. O-O
Qg6 15. Nh4 Qe6 16. Qf3 Qxe5 17. Qxc6 Bg4 18. Nf3 Qh5 19. h3 Bc8 20. Qxa8 Ba6
21. Qe4 Bxf1 22. Kxf1 Qb5+ 23. Qe2 Qc5 24. Be3 Qd6 25. Bxb6 cxb6 26. Rd1 Qg6
27. Nh4 Qf6 28. Qf3 Qxh4 29. Rd7 Qg5 30. Rxa7 Qc1+ 31. Ke2 Qxb2+ 32. Ke3 Rc8
33. Kf4 Qf6+ 34. Kg3 Rc3 35. Ra8+ Kh7 36. Qxc3 Qxc3+ 37. Kf4 Qf6+ 38. Ke3 b5
39. Rb8 Qc3+ 40. Ke2 b4 41. a4 bxa3 42. Ra8 Qb2+ 43. Kf3 a2 44. Ke4 a1=Q 45.
Rxa1 Qxa1 46. Kd5 Qa8+ 47. Kd6 Qxg2 48. Ke7 Qxf2 49. Ke8 Qa7 50. Kf8 f6 51. Ke8
g6 52. Kf8 Qc7 53. Ke8 g5 54. Kf8 Kg6 55. Ke8 Kf5 56. Kf8 Ke6 57. Ke8 Qe7# 0-1

[Event "Junior Online 4NCL Division 4"]
[Site "online"]
[Date "2020.10.29"]
[Round "6.217"]
[White "Bahl, Arkin"]
[Black "Bagshaw, Freddie"]
[Result "0-1"]
[WhiteElo "1022"]
[BlackElo "1000"]
[PlyCount "52"]
[EventDate "2020.10.29"]
[WhiteTeam "The Hall 3"]
[BlackTeam "Muswell Hill Primary"]

1. e4 e5 2. Nf3 Nc6 3. Nc3 Nf6 4. Bc4 h6 5. O-O Bc5 6. d3 O-O 7. Be3 Bxe3 8.
fxe3 Ng4 9. h3 Nxe3 10. Qe1 Nxf1 11. Qxf1 a6 12. Nxe5 Nxe5 13. Bb3 Qg5 14. Qe1
d6 15. h4 Qg4 16. Nd5 Nf3+ 17. Kf2 Nxe1 18. Kxe1 Qxh4+ 19. g3 Qxg3+ 20. Kf1
Bh3+ 21. Ke2 Qg2+ 22. Kd1 Bg4+ 23. Kc1 Qf1+ 24. Kd2 Qxa1 25. Kc3 Rae8 26. Nxc7
Rc8 0-1

[Event "Junior Online 4NCL Division 4"]
[Site "online"]
[Date "2020.10.29"]
[Round "6.221"]
[White "Kumar, Shaurya"]
[Black "Bogerd, Ethan"]
[Result "1-0"]
[WhiteElo "925"]
[BlackElo "1187"]
[PlyCount "133"]
[EventDate "2020.10.29"]
[WhiteTeam "Uxbridge Juniors C"]
[BlackTeam "Surbiton Juniors D"]

1. e4 c6 2. d4 d5 3. e5 Bf5 4. Nf3 h6 5. Nbd2 e6 6. a3 Ne7 7. b3 Nc8 8. Bb2 Be7
9. h3 O-O 10. Be2 Nb6 11. c4 dxc4 12. bxc4 Re8 13. c5 Nd5 14. O-O Qc7 15. Rb1
Nd7 16. Rc1 Rab8 17. Re1 b5 18. Bc3 a5 19. Bf1 b4 20. axb4 axb4 21. Ba1 b3 22.
Nxb3 Nb4 23. Qd2 Red8 24. Bc3 Nd5 25. Ba5 Qb7 26. Bxd8 Bxd8 27. Bc4 Nb4 28. Ra1
Nc2 29. Na5 Bxa5 30. Rxa5 Nxe1 31. Qxe1 Qb1 32. Qxb1 Rxb1+ 33. Kh2 Be4 34. Ra8+
Kh7 35. Ra7 Nb8 36. Rxf7 Bg6 37. Re7 Rb4 38. Bxe6 Rb2 39. Rc7 Na6 40. Rxc6 Nb4
41. Rc8 Nd3 42. Bg8+ Kh8 43. Bc4+ Kh7 44. Bg8+ Kh8 45. Bf7+ Kh7 46. Bxg6+ Kxg6
47. e6 Kf6 48. d5 Nf4 49. Rf8+ Ke7 50. Rxf4 Rxf2 51. Rf7+ Ke8 52. e7 g5 53. d6
h5 54. c6 Kxf7 55. Nxg5+ Kg6 56. e8=Q+ Kxg5 57. Qe3+ Kh4 58. Qxf2+ Kg5 59. Qg3+
Kf6 60. d7 Ke7 61. Qh4+ Kd6 62. d8=Q+ Kxc6 63. Qc4+ Kb7 64. Qd7+ Kb6 65. Qb3+
Ka6 66. Qc8+ Ka5 67. Qa8# 1-0

[Event "Junior Online 4NCL Division 4"]
[Site "online"]
[Date "2020.10.29"]
[Round "6.222"]
[White "Bredenoord, Conrad"]
[Black "Bommi, Praneeth"]
[Result "1/2-1/2"]
[WhiteElo "1105"]
[BlackElo "887"]
[PlyCount "108"]
[EventDate "2020.10.29"]
[WhiteTeam "Surbiton Juniors D"]
[BlackTeam "Uxbridge Juniors C"]

1. e4 e6 2. d4 b6 3. Nf3 Nf6 4. Bg5 Be7 5. c4 Bb7 6. Bxf6 Bxf6 7. Nc3 Nc6 8.
Be2 Nb4 9. e5 Be7 10. a3 Nc6 11. d5 exd5 12. cxd5 Na5 13. b4 Nc6 14. dxc6 Bxc6
15. b5 Bb7 16. Nd5 d6 17. Nxe7 Qxe7 18. exd6 Qxd6 19. Qxd6 cxd6 20. O-O O-O 21.
Rac1 Rfe8 22. Bc4 d5 23. Bb3 Rad8 24. Rc7 Rb8 25. Ng5 Rf8 26. Rd1 h6 27. Nf3
Rfc8 28. Rxc8+ Rxc8 29. h3 Rc3 30. Bxd5 Bxd5 31. Rxd5 Rxa3 32. Ne5 Ra1+ 33. Kh2
Ra2 34. Rd8+ Kh7 35. Nxf7 Rxf2 36. Rh8+ Kg6 37. Ne5+ Kh5 38. Kg3 Rf5 39. Nf3
Rxb5 40. Rg8 Kg6 41. Nh4+ Kh7 42. Ra8 a5 43. Nf3 Rb3 44. Kf4 Rb4+ 45. Ke5 a4
46. Nd4 b5 47. g4 Rb2 48. h4 Rg2 49. Kf5 g6+ 50. Kf6 Rxg4 51. Ra7+ Kg8 52. Ra8+
Kh7 53. Ra7+ Kg8 54. Ra8+ Kh7 1/2-1/2

[Event "Junior Online 4NCL Division 4"]
[Site "online"]
[Date "2020.10.29"]
[Round "6.223"]
[White "Bhargava, Aarav"]
[Black "Rabie, Jamie"]
[Result "0-1"]
[WhiteElo "857"]
[BlackElo "1112"]
[PlyCount "30"]
[EventDate "2020.10.29"]
[WhiteTeam "Uxbridge Juniors C"]
[BlackTeam "Surbiton Juniors D"]

1. e4 e5 2. Nf3 Nc6 3. Nc3 d6 4. Bc4 h6 5. O-O Qe7 6. d3 Be6 7. Bxe6 Qxe6 8.
Nd5 O-O-O 9. Qd2 Nf6 10. Nxf6 Qxf6 11. Qb4 Nxb4 12. c3 Nxd3 13. b4 Nxc1 14.
Raxc1 Be7 15. Rfd1 Qe6 0-1

[Event "Junior Online 4NCL Division 4"]
[Site "online"]
[Date "2020.10.29"]
[Round "6.224"]
[White "Connolly-Eich, Bruno"]
[Black "Bhargava, Arnav"]
[Result "1-0"]
[WhiteElo "1150"]
[BlackElo "700"]
[PlyCount "147"]
[EventDate "2020.10.29"]
[WhiteTeam "Surbiton Juniors D"]
[BlackTeam "Uxbridge Juniors C"]

1. e4 e5 2. Nf3 Nc6 3. Bc4 Bc5 4. d3 Nf6 5. Ng5 O-O 6. Nc3 Nd4 7. O-O d6 8. a3
Bg4 9. Qd2 h6 10. Nxf7 Rxf7 11. Bxf7+ Kxf7 12. b4 Bb6 13. Qe3 Ne2+ 14. Nxe2
Bxe3 15. Bxe3 Nh5 16. Ng3 Nxg3 17. hxg3 h5 18. c3 h4 19. d4 exd4 20. Bxd4 hxg3
21. fxg3+ Ke6 22. Rf4 Be2 23. Re1 Bc4 24. Bxg7 Qg5 25. Rf6+ Ke5 26. Rf5+ Ke6
27. Rxg5 Kf7 28. Bd4 Ke6 29. Rd1 Be2 30. Rd2 Bc4 31. Rf2 Kd7 32. Rf6 Re8 33.
Rg4 Be2 34. Rgf4 Kc6 35. Bxa7 Ra8 36. Bd4 Rxa3 37. Bc5 Rxc3 38. Rf2 Rc1+ 39.
Kh2 Bd3 40. Be3 Re1 41. Bd2 Rxe4 42. R2f4 Rxf4 43. Rxf4 d5 44. g4 Kd6 45. g5
Ke6 46. Rf3 Be4 47. Re3 Kf5 48. Rg3 Kg6 49. Re3 Kxg5 50. Rxe4+ Kf5 51. Rd4 Ke5
52. Rh4 d4 53. g4 Ke4 54. Rh3 Ke5 55. g5 Kf5 56. Kg2 Kg6 57. Rd3 Kf5 58. Rxd4
Kg6 59. Rd7 c6 60. Rxb7 Kf5 61. Rc7 c5 62. Rc6 Ke5 63. Rxc5+ Kd4 64. Rc8 Kd5
65. g6 Ke6 66. g7 Kf7 67. Rc7+ Kg8 68. b5 Kh7 69. b6 Kg8 70. b7 Kh7 71. Rc6
Kxg7 72. b8=Q Kf7 73. Qb7+ Ke8 74. Rc8# 1-0

[Event "Junior Online 4NCL Division 4"]
[Site "online"]
[Date "2020.10.29"]
[Round "6.225"]
[White "Bogerd, Ethan"]
[Black "Kumar, Shaurya"]
[Result "0-1"]
[WhiteElo "1187"]
[BlackElo "925"]
[PlyCount "66"]
[EventDate "2020.10.29"]
[WhiteTeam "Surbiton Juniors D"]
[BlackTeam "Uxbridge Juniors C"]

1. d4 Nf6 2. Nf3 e6 3. g3 d6 4. Bg2 b6 5. Nh4 d5 6. c4 Bb7 7. Nd2 c6 8. cxd5
cxd5 9. Nb3 Bb4+ 10. Bd2 Bd6 11. Nf3 Nc6 12. Rc1 a5 13. a3 a4 14. Na1 b5 15.
Nc2 Na5 16. Ne3 Nb3 17. Rc2 O-O 18. O-O Qb6 19. Qe1 Nxd4 20. Nxd4 Qxd4 21. Bc3
Qb6 22. Rd2 e5 23. Bxd5 Nxd5 24. Nxd5 Qc5 25. Bb4 Qc6 26. Bxd6 Qxd6 27. Nb4 Qh6
28. h4 Qg6 29. Qd1 Qe4 30. f3 Qf5 31. Qc2 e4 32. fxe4 Qg4 33. e5 Qxg3# 0-1

[Event "Junior Online 4NCL Division 4"]
[Site "online"]
[Date "2020.10.29"]
[Round "6.226"]
[White "Bommi, Praneeth"]
[Black "Bredenoord, Conrad"]
[Result "1-0"]
[WhiteElo "887"]
[BlackElo "1105"]
[PlyCount "49"]
[EventDate "2020.10.29"]
[WhiteTeam "Uxbridge Juniors C"]
[BlackTeam "Surbiton Juniors D"]

1. e4 e5 2. Qf3 Nc6 3. Bd3 Nd4 4. Qh5 Qf6 5. Nf3 g6 6. Qxe5+ Qxe5 7. Nxe5 Bg7
8. Nf3 Nxf3+ 9. gxf3 Nf6 10. Na3 d5 11. Nb5 O-O 12. Nxc7 Rb8 13. Nxd5 Nxd5 14.
exd5 Re8+ 15. Kd1 Bh3 16. c3 Bg2 17. Rg1 Bxf3+ 18. Kc2 Be4 19. b3 Bxd3+ 20.
Kxd3 Rbd8 21. Ba3 Rxd5+ 22. Kc2 Re2 23. Rad1 Rxf2 24. Rge1 Rxh2 25. Re8+ 1-0

[Event "Junior Online 4NCL Division 4"]
[Site "online"]
[Date "2020.10.29"]
[Round "6.227"]
[White "Rabie, Jamie"]
[Black "Bhargava, Aarav"]
[Result "1-0"]
[WhiteElo "1112"]
[BlackElo "857"]
[PlyCount "45"]
[EventDate "2020.10.29"]
[WhiteTeam "Surbiton Juniors D"]
[BlackTeam "Uxbridge Juniors C"]

1. e4 e5 2. Nf3 Nc6 3. Bb5 a6 4. Bxc6 bxc6 5. Nxe5 Bd6 6. Nf3 Qf6 7. Nc3 Bb7 8.
d4 c5 9. Be3 Bf4 10. Bxf4 Qxf4 11. Qe2 cxd4 12. Nxd4 Nf6 13. f3 d5 14. e5 Qxd4
15. exf6+ Kf8 16. Qe7+ Kg8 17. Qxc7 Qxf6 18. Qxb7 Rd8 19. Nxd5 Qf5 20. Ne7+ Kf8
21. Nxf5 g6 22. Qe7+ Kg8 23. Qxd8# 1-0

[Event "Junior Online 4NCL Division 4"]
[Site "online"]
[Date "2020.10.29"]
[Round "6.228"]
[White "Bhargava, Arnav"]
[Black "Connolly-Eich, Bruno"]
[Result "0-1"]
[WhiteElo "700"]
[BlackElo "1150"]
[PlyCount "88"]
[EventDate "2020.10.29"]
[WhiteTeam "Uxbridge Juniors C"]
[BlackTeam "Surbiton Juniors D"]

1. d4 d5 2. c4 Nc6 3. c5 e5 4. Nc3 exd4 5. Nb5 Bxc5 6. e3 dxe3 7. Bxe3 Bxe3 8.
fxe3 Qh4+ 9. g3 Qb4+ 10. Nc3 Qe7 11. Be2 Qxe3 12. Qxd5 Nge7 13. Qb3 Nd4 14. Qd1
Bg4 15. Nf3 Bxf3 16. Rf1 Bxe2 17. Nxe2 Nxe2 18. Rf2 Rd8 19. Qxe2 Rd3 20. Qxe3
Rxe3+ 21. Kd2 Re6 22. Kd3 O-O 23. Kd4 Rd8+ 24. Kc3 Nd5+ 25. Kd4 Rf6 26. Ke5
Re8+ 27. Kxd5 Rxf2 28. Rd1 Rxh2 29. Kc5 Rh3 30. Rd7 Rxg3 31. Rxc7 h5 32. Rxb7
h4 33. Rxa7 h3 34. Ra3 Rxa3 35. bxa3 h2 36. a4 h1=Q 37. a5 Rc8+ 38. Kb5 Qb7+
39. Ka4 Qa6 40. Ka3 f5 41. Kb3 Qxa5 42. Kb2 Qc3+ 43. Kb1 Qd2 44. a4 Rc1# 0-1

[Event "Junior Online 4NCL Division 4"]
[Site "online"]
[Date "2020.10.29"]
[Round "6.231"]
[White "Balsys, Leo"]
[Black "Spitz, Danny"]
[Result "0-1"]
[WhiteElo "875"]
[BlackElo "900"]
[PlyCount "92"]
[EventDate "2020.10.29"]
[WhiteTeam "Rhodes Avenue Rooks"]
[BlackTeam "Coldfall Bishops"]

1. e4 c5 2. Nf3 Nc6 3. d4 cxd4 4. Bc4 Nf6 5. c3 Nxe4 6. cxd4 e6 7. Qe2 Nf6 8.
Nc3 Bb4 9. a3 Ba5 10. b4 Bb6 11. Bg5 Nxd4 12. Nxd4 Bxd4 13. Rc1 d5 14. Bb5+ Bd7
15. Bxd7+ Qxd7 16. Nb5 Bb6 17. Bf4 O-O 18. Qf3 Qxb5 19. Qg3 Nh5 20. Qh4 Nxf4
21. Qxf4 Rac8 22. Rd1 Rc2 23. Rd2 Rxd2 24. Qxd2 a5 25. h4 axb4 26. axb4 f5 27.
h5 Ra8 28. Kd1 Ra1+ 29. Kc2 Ra2+ 30. Kd1 Rxd2+ 31. Kxd2 Qxb4+ 32. Ke2 Qe4+ 33.
Kf1 Qb1+ 34. Ke2 Qxh1 35. Kf3 Qxh5+ 36. Kf4 Bc7+ 37. Ke3 Qg5+ 38. f4 Qxf4+ 39.
Kd3 Qc4+ 40. Ke3 f4+ 41. Kf3 Qe4+ 42. Kf2 Bb6+ 43. Kf1 d4 44. g3 fxg3 45. Kg1
d3+ 46. Kf1 Qe2# 0-1

[Event "Junior Online 4NCL Division 4"]
[Site "online"]
[Date "2020.10.29"]
[Round "6.232"]
[White "Balint-Kurti, Raphael"]
[Black "O'Connor, Ethan"]
[Result "1-0"]
[WhiteElo "977"]
[BlackElo "875"]
[PlyCount "33"]
[EventDate "2020.10.29"]
[WhiteTeam "Coldfall Bishops"]
[BlackTeam "Rhodes Avenue Rooks"]

1. e4 e5 2. Bc4 Nf6 3. Nf3 Nc6 4. O-O d5 5. Bxd5 Nxd5 6. exd5 Qxd5 7. Nc3 Qd6
8. Qe2 e4 9. Qxe4+ Be7 10. Nb5 Qd7 11. d3 Nb4 12. Bf4 Qxb5 13. Rfe1 Qc5 14. d4
Qd6 15. Bxd6 O-O 16. Qxe7 Nxc2 17. Qxf8# 1-0

[Event "Junior Online 4NCL Division 4"]
[Site "online"]
[Date "2020.10.29"]
[Round "6.233"]
[White "Brown, Alex"]
[Black "Haga, Xander"]
[Result "0-1"]
[WhiteElo "800"]
[BlackElo "857"]
[PlyCount "44"]
[EventDate "2020.10.29"]
[WhiteTeam "Rhodes Avenue Rooks"]
[BlackTeam "Coldfall Bishops"]

1. d4 d5 2. e3 Nc6 3. Qf3 Nf6 4. Bb5 Bg4 5. Qf4 Qd7 6. Qg5 h6 7. Qh4 g5 8. Qg3
Nh5 9. Bxc6 Qxc6 10. Qxg4 Nf6 11. Qf5 Bg7 12. g3 e6 13. Qh3 Qxc2 14. Na3 Qa4
15. b3 Qb4+ 16. Kf1 Qc3 17. Nc2 Qxc2 18. Nf3 Ne4 19. Qg2 Qd1+ 20. Ne1 Nd2+ 21.
Kg1 Qxe1+ 22. Qf1 Qxf1# 0-1

[Event "Junior Online 4NCL Division 4"]
[Site "online"]
[Date "2020.10.29"]
[Round "6.234"]
[White "Agasee, Emilio"]
[Black "Wilson, Donnie"]
[Result "1-0"]
[WhiteElo "900"]
[BlackElo "875"]
[PlyCount "81"]
[EventDate "2020.10.29"]
[WhiteTeam "Coldfall Bishops"]
[BlackTeam "Rhodes Avenue Rooks"]

1. e4 e5 2. Nf3 Qf6 3. Nc3 Nc6 4. Bc4 Na5 5. d3 Nxc4 6. dxc4 Bc5 7. Bg5 Qg6 8.
Nd5 Qxe4+ 9. Qe2 Qxe2+ 10. Kxe2 Bd4 11. Nxc7+ Kf8 12. Nxa8 Bxb2 13. Rab1 Bc3
14. Rb3 Bd4 15. Nxd4 exd4 16. c3 f6 17. Bf4 dxc3 18. Rxc3 Ne7 19. Bd6 b6 20.
Re3 Bb7 21. Bxe7+ Kf7 22. Nc7 Bxg2 23. Rd1 Re8 24. Rxd7 Bc6 25. Bb4+ Bxd7 26.
Rxe8 Bxe8 27. Nxe8 Kxe8 28. c5 a5 29. Bxa5 bxa5 30. Kd3 g5 31. Kd4 f5 32. Kd5
f4 33. Kd6 g4 34. c6 g3 35. c7 gxf2 36. c8=Q+ Kf7 37. Qc7+ Kf6 38. Qe7+ Kf5 39.
Qe5+ Kg4 40. Qe2+ Kh3 41. Qxf2 1-0

[Event "Junior Online 4NCL Division 4"]
[Site "online"]
[Date "2020.10.29"]
[Round "6.235"]
[White "Spitz, Danny"]
[Black "Balsys, Leo"]
[Result "1-0"]
[WhiteElo "900"]
[BlackElo "875"]
[PlyCount "53"]
[EventDate "2020.10.29"]
[WhiteTeam "Coldfall Bishops"]
[BlackTeam "Rhodes Avenue Rooks"]

1. c4 e5 2. Nc3 Nc6 3. d3 Nf6 4. Nf3 Be7 5. Bg5 h6 6. Bh4 d6 7. e3 g5 8. Bg3
Bd7 9. h3 Nb4 10. Qb3 c5 11. a3 Na6 12. Qxb7 Nc7 13. Qb3 Rb8 14. Qa2 O-O 15.
Be2 d5 16. cxd5 Na6 17. Bxe5 Nh5 18. Bxb8 Qxb8 19. Ne5 Qxe5 20. Bxh5 Qxd5 21.
Nxd5 Bd6 22. Nf6+ Kh8 23. Nxd7 Rd8 24. Qxf7 Nc7 25. Bg6 Rxd7 26. Qxd7 Nb5 27.
Qh7# 1-0

[Event "Junior Online 4NCL Division 4"]
[Site "online"]
[Date "2020.10.29"]
[Round "6.236"]
[White "O'Connor, Ethan"]
[Black "Balint-Kurti, Raphael"]
[Result "0-1"]
[WhiteElo "875"]
[BlackElo "977"]
[PlyCount "38"]
[EventDate "2020.10.29"]
[WhiteTeam "Rhodes Avenue Rooks"]
[BlackTeam "Coldfall Bishops"]

1. e4 e5 2. Nf3 Bc5 3. d3 Nf6 4. Nc3 O-O 5. Nxe5 Re8 6. Nf3 Nc6 7. Nb5 a6 8.
Nc3 h6 9. Bf4 d6 10. Nd5 Nxd5 11. e5 Nxe5 12. Bxe5 dxe5 13. Nxe5 Rxe5+ 14. Be2
Qf6 15. Qd2 Qxf2+ 16. Kd1 Bb4 17. Qe1 Bxe1 18. Rxe1 Bg4 19. Bxg4 Qxe1# 0-1

[Event "Junior Online 4NCL Division 4"]
[Site "online"]
[Date "2020.10.29"]
[Round "6.237"]
[White "Haga, Xander"]
[Black "Brown, Alex"]
[Result "1-0"]
[WhiteElo "857"]
[BlackElo "800"]
[PlyCount "57"]
[EventDate "2020.10.29"]
[WhiteTeam "Coldfall Bishops"]
[BlackTeam "Rhodes Avenue Rooks"]

1. e4 c5 2. Nf3 Nf6 3. e5 Nd5 4. Bc4 Nb4 5. O-O b5 6. Bxb5 a6 7. Bc4 Qa5 8. a3
N4c6 9. d3 Nd4 10. Nxd4 cxd4 11. Bd2 Qxe5 12. Qf3 Qh5 13. Qxh5 g6 14. Qf3 Nc6
15. Qxf7+ Kd8 16. Bd5 Bb7 17. Bxc6 Bxc6 18. Ba5+ Kc8 19. Qe8+ Kb7 20. Qf7 e6
21. Qf4 Rc8 22. Qxd4 Bg7 23. Qxg7 Ba4 24. Qd4 d5 25. Nc3 Bxc2 26. Qb6+ Ka8 27.
Qxa6+ Kb8 28. Nb5 Bxd3 29. Qa7# 1-0

[Event "Junior Online 4NCL Division 4"]
[Site "online"]
[Date "2020.10.29"]
[Round "6.242"]
[White "Gold, Arthur"]
[Black "Sander, Daniel"]
[Result "1-0"]
[WhiteElo "1075"]
[BlackElo "700"]
[PlyCount "69"]
[EventDate "2020.10.29"]
[WhiteTeam "Barnet Knights F"]
[BlackTeam "Uxbridge Juniors D"]

1. e4 e5 2. Nf3 Nc6 3. Bc4 Nf6 4. Ng5 Qe7 5. Nxf7 Qxf7 6. Bxf7+ Kxf7 7. Nc3 Bb4
8. Qf3 Nd4 9. Qd3 Nc6 10. a3 Ba5 11. Nd5 d6 12. Nxc7 Bxc7 13. O-O b6 14. Qc4+
Be6 15. Qxc6 Rac8 16. d3 Bg4 17. h3 Bh5 18. Bg5 h6 19. Bxf6 Kxf6 20. f4 exf4
21. Rxf4+ Ke5 22. Rf5+ Ke6 23. Qd5+ Kd7 24. Rxh5 Rce8 25. Rf5 Rhf8 26. Rf7+
Rxf7 27. Qxf7+ Re7 28. Qf5+ Re6 29. d4 d5 30. exd5 Bg3 31. Qxe6+ Kc7 32. Qc6+
Kd8 33. Rf1 g5 34. Qb7 h5 35. Rf8# 1-0

[Event "Junior Online 4NCL Division 4"]
[Site "online"]
[Date "2020.10.29"]
[Round "6.243"]
[White "Sundararaju, Ritvik"]
[Black "Dudhia, Vansh"]
[Result "0-1"]
[WhiteElo "700"]
[BlackElo "1052"]
[PlyCount "54"]
[EventDate "2020.10.29"]
[WhiteTeam "Uxbridge Juniors D"]
[BlackTeam "Barnet Knights F"]

1. e4 e5 2. Bb5 Nc6 3. Bxc6 dxc6 4. d3 Bd6 5. h4 Nf6 6. Bg5 h6 7. Qh5 O-O 8.
Nf3 Bg4 9. Bxf6 Bxh5 10. Bxd8 Raxd8 11. O-O Bxf3 12. gxf3 Rde8 13. Nc3 Re6 14.
a4 Rg6+ 15. Kh1 a5 16. h5 Rg5 17. f4 Rxh5+ 18. Kg2 Re8 19. fxe5 Bxe5 20. Rae1
Re6 21. f4 Rg6+ 22. Kf2 Bd4+ 23. Ke2 Rh2+ 24. Kd1 Rgg2 25. Rg1 Rd2+ 26. Kc1
Rxc2+ 27. Kd1 Rhd2# 0-1

[Event "Junior Online 4NCL Division 4"]
[Site "online"]
[Date "2020.10.29"]
[Round "6.244"]
[White "Ehrlich, Ben"]
[Black "Jones, Theo"]
[Result "1-0"]
[WhiteElo "887"]
[BlackElo "700"]
[PlyCount "33"]
[EventDate "2020.10.29"]
[WhiteTeam "Barnet Knights F"]
[BlackTeam "Uxbridge Juniors D"]

1. e4 e6 2. d4 Nf6 3. e5 Nd5 4. c4 Ne7 5. Nc3 Ng6 6. Bd3 Ne7 7. Nge2 Nec6 8.
O-O Be7 9. Qc2 O-O 10. Bxh7+ Kh8 11. Bd3 Bg5 12. Bf4 Bxf4 13. Nxf4 Kg8 14. Qe2
Nxd4 15. Qh5 Ne2+ 16. Nfxe2 b6 17. Qh7# 1-0

[Event "Junior Online 4NCL Division 4"]
[Site "online"]
[Date "2020.10.29"]
[Round "6.246"]
[White "Sander, Daniel"]
[Black "Gold, Arthur"]
[Result "0-1"]
[WhiteElo "700"]
[BlackElo "1075"]
[PlyCount "66"]
[EventDate "2020.10.29"]
[WhiteTeam "Uxbridge Juniors D"]
[BlackTeam "Barnet Knights F"]

1. e4 e5 2. Nf3 Nc6 3. Nc3 Nf6 4. Bc4 Bc5 5. d3 d6 6. Bg5 O-O 7. Bh4 Bg4 8. Nd5
Nd4 9. O-O c6 10. Nxf6+ gxf6 11. h3 Nxf3+ 12. Qxf3 Bxf3 13. Rfe1 Bh5 14. Re3
Bxe3 15. Re1 Bd4 16. c3 Qa5 17. Bxf6 d5 18. Kf1 dxc4 19. cxd4 cxd3 20. Rd1 Qxa2
21. Re1 Qxb2 22. dxe5 d2 23. Rd1 Bxd1 24. Kg1 Bh5 25. e6 Qc1+ 26. Kh2 d1=Q 27.
e7 Qh1+ 28. Kg3 Qa3+ 29. Kh4 Qxg2 30. exf8=Q+ Kxf8 31. Kxh5 Qaxh3+ 32. Bh4
Qgg4+ 33. Kh6 Qhxh4# 0-1

[Event "Junior Online 4NCL Division 4"]
[Site "online"]
[Date "2020.10.29"]
[Round "6.247"]
[White "Dudhia, Vansh"]
[Black "Sundararaju, Ritvik"]
[Result "0-1"]
[WhiteElo "1052"]
[BlackElo "700"]
[PlyCount "174"]
[EventDate "2020.10.29"]
[WhiteTeam "Barnet Knights F"]
[BlackTeam "Uxbridge Juniors D"]

1. e4 e5 2. Nf3 Nc6 3. Nc3 Nf6 4. Bc4 Na5 5. b3 Nxc4 6. bxc4 Bb4 7. O-O O-O 8.
a3 Bxc3 9. dxc3 Nxe4 10. Qd3 Nc5 11. Qf5 d6 12. Ng5 Bxf5 13. Be3 f6 14. Nf3 Ne4
15. Rae1 Qd7 16. Bd2 Nxd2 17. Nxd2 Bxc2 18. Re3 Rae8 19. Nf3 e4 20. Nd4 Ba4 21.
Rg3 c5 22. Ne2 f5 23. Nf4 b5 24. h3 b4 25. axb4 cxb4 26. cxb4 Re5 27. Re1 g5
28. Nh5 f4 29. Rg4 Qxg4 30. hxg4 e3 31. fxe3 fxe3 32. Ng3 d5 33. cxd5 Rxd5 34.
Rxe3 Rd2 35. Nh5 Rc8 36. Nf6+ Kf7 37. Nxh7 Rc1+ 38. Kh2 Rcc2 39. Rf3+ Kg6 40.
Nf8+ Kh6 41. Rh3+ Kg7 42. Ne6+ Kf6 43. Rh6+ Ke5 44. Nxg5 Rxg2+ 45. Kh3 Be8 46.
Re6+ Kf4 47. Re4+ Kxg5 48. Re5+ Kf4 49. Rxe8 Rg1 50. Rf8+ Ke3 51. Re8+ Kf4 52.
Rf8+ Kg5 53. Rg8+ Kf6 54. Rf8+ Kg7 55. Rf3 Rh1+ 56. Kg3 Rg1+ 57. Kh3 Kg6 58. b5
Kg5 59. Rf5+ Kh6 60. Rf6+ Kg5 61. Rf5+ Kg6 62. Rh5 Rh1+ 63. Kg3 Rxh5 64. gxh5+
Kxh5 65. Kf4 Rb2 66. Ke4 Rxb5 67. Kd4 Rb4+ 68. Kc5 Rb1 69. Kc4 a5 70. Kc3 a4
71. Kc2 Rb3 72. Kc1 a3 73. Kc2 Rb2+ 74. Kc1 Rb5 75. Kc2 a2 76. Kd2 a1=Q 77. Kc2
Qa2+ 78. Kc3 Rc5+ 79. Kd4 Qc4+ 80. Ke3 Rd5 81. Kf3 Qd3+ 82. Kf4 Rd8 83. Ke5
Re8+ 84. Kf6 Qd5 85. Kg7 Re6 86. Kf7 Qd7+ 87. Kf8 Re8# 0-1

[Event "Junior Online 4NCL Division 4"]
[Site "online"]
[Date "2020.10.29"]
[Round "6.248"]
[White "Jones, Theo"]
[Black "Ehrlich, Ben"]
[Result "0-1"]
[WhiteElo "700"]
[BlackElo "887"]
[PlyCount "118"]
[EventDate "2020.10.29"]
[WhiteTeam "Uxbridge Juniors D"]
[BlackTeam "Barnet Knights F"]

1. e3 e5 2. Nf3 e4 3. Ng5 Qxg5 4. h4 Qa5 5. a4 Nf6 6. b4 Bxb4 7. Ra2 d6 8. Rb2
Qxa4 9. Rb3 Be6 10. Ra3 Bxa3 11. Bxa3 Ba2 12. Nc3 Qxa3 13. Nxa2 Qxa2 14. d3
exd3 15. cxd3 Qa5+ 16. Ke2 O-O 17. Qb3 Qb6 18. Qc4 Qc5 19. Qa4 b5 20. Qe4 Nxe4
21. dxe4 Qc2+ 22. Ke1 Qxe4 23. f3 Qxe3+ 24. Kd1 c6 25. Be2 a5 26. Rh3 Qg1+ 27.
Kd2 Qxg2 28. Rg3 Qxg3 29. f4 Qxf4+ 30. Ke1 Qxh4+ 31. Kd2 Nd7 32. Ke3 Rfe8+ 33.
Kd2 Qd4+ 34. Ke1 Qe3 35. Kf1 Qxe2+ 36. Kg1 c5 37. Kh1 d5 38. Kg1 f5 39. Kh1 g5
40. Kg1 h5 41. Kh1 d4 42. Kg1 c4 43. Kh1 b4 44. Kg1 a4 45. Kh1 f4 46. Kg1 g4
47. Kh1 h4 48. Kg1 a3 49. Kh1 b3 50. Kg1 c3 51. Kh1 d3 52. Kg1 f3 53. Kh1 g3
54. Kg1 h3 55. Kh1 d2 56. Kg1 c2 57. Kh1 b2 58. Kg1 a2 59. Kh1 Qe1# 0-1

[Event "Junior Online 4NCL Division 4"]
[Site "online"]
[Date "2020.10.29"]
[Round "6.252"]
[White "Edwards, Zachary"]
[Black "Turner, Rufus"]
[Result "1/2-1/2"]
[WhiteElo "1075"]
[BlackElo "1000"]
[PlyCount "53"]
[EventDate "2020.10.29"]
[WhiteTeam "Surrey Kings 4"]
[BlackTeam "Manchester Juniors E"]

1. e4 e5 2. Nf3 Nf6 3. Nc3 Nc6 4. d4 exd4 5. Nxd4 Nxd4 6. Qxd4 b6 7. e5 Nh5 8.
Qd5 c6 9. Qd4 c5 10. Qd5 Bb7 11. Qxb7 Rb8 12. Qxa7 Ra8 13. Qb7 Rb8 14. Qe4 Nf6
15. Qf5 Be7 16. Bf4 g6 17. Qd3 Rc8 18. Rd1 c4 19. Qe2 h6 20. exf6 O-O 21. fxe7
Qe8 22. exf8=Q+ Kxf8 23. Bd6+ Kg8 24. Rd4 Qf8 25. Rxc4 Qxd6 26. Rxc8+ Kg7 27.
Rd8 1/2-1/2